000 00461nam a2200181Ia 4500
001 3535
005 20260306145650.0
008 260306t2005||||xx |||||||||||||| ||spa||
041 _aESP
082 _a288.2
_bR27
100 _aRatzinger, Joseph
_eAUT
245 0 _aIglesia, ecumenismo y política:
_bnuevos ensayos de eclesiología
260 _c2005
300 _axii, 304 páginas :
_c21cm.
650 _aGEN
654 _aCHU
942 _cLIB
_dJUS
_fJUS
_2ddc
_n
999 _c3535
_d3535